FUNDAMENTALS OF MECHANICAL ENGINEERING, THERMODYNAMICS, MECHANICS AND STRENGTH OF MATERIALS (Record no. 572451)
[ view plain ]
| 000 -LEADER | |
|---|---|
| fixed length control field | 00459nam a22001337a 4500 |
| 020 ## - INTERNATIONAL STANDARD BOOK NUMBER | |
| International Standard Book Number | 81-203-3047-1 |
| 082 ## - DEWEY DECIMAL CLASSIFICATION NUMBER | |
| Classification number | 621 SAW |
| 100 ## - MAIN ENTRY--PERSONAL NAME | |
| Personal name | SAWHNEY, G.S |
| 9 (RLIN) | 63721 |
| 245 ## - TITLE STATEMENT | |
| Title | FUNDAMENTALS OF MECHANICAL ENGINEERING, THERMODYNAMICS, MECHANICS AND STRENGTH OF MATERIALS |
| 260 ## - PUBLICATION, DISTRIBUTION, ETC. | |
| Place of publication, distribution, etc. | NEW DELHI |
| Name of publisher, distributor, etc. | PRENTICE HALL INDIA |
| Date of publication, distribution, etc. | 2006 |
| 300 ## - PHYSICAL DESCRIPTION | |
| Extent | IX,473 P |
| 650 ## - SUBJECT ADDED ENTRY--TOPICAL TERM | |
| Topical term or geographic name entry element | MECHANICAL ENGINEERING-FUNDAMENTALS.THERMODYNAMICS. MECHANICS.STRENGTH OF MATERIALS |
| 9 (RLIN) | 63722 |
| 942 ## - ADDED ENTRY ELEMENTS (KOHA) | |
| Koha item type | Book |
| Withdrawn status | Lost status | Damaged status | Not for loan | Permanent Location | Current Location | Shelving location | Date acquired | Total Checkouts | Full call number | Barcode | Date last seen | Price effective from | Koha item type |
|---|---|---|---|---|---|---|---|---|---|---|---|---|---|
| College of Electrical & Mechanical Engineering (CEME) | College of Electrical & Mechanical Engineering (CEME) | General Stacks | 07/26/2017 | 621 SAW | CEME43600 | 06/28/2021 | 06/28/2021 | Book |
